000 00232nam a2200097Ia 4500
001 1094196
005 20250827002951.0
008 250824s9999 xx 000 0 und d
245 0 _aKIYAMET MEVSİMLERİ
_cALİ EMRE
260 _bKETEBE
999 _c1094196
_d1094196